Normal view
MARC view
- H. M. S. O London
Entry Personal Name
001 - CONTROL NUMBER
- control field: 42523
003 - CONTROL NUMBER IDENTIFIER
- control field: NUST
005 - DATE AND TIME OF LATEST TRANSACTION
- control field: 20210314132334.0
008 - FIXED-LENGTH DATA ELEMENTS
- fixed length control field: 210314|| aca||aabn | a|a d
040 ## - CATALOGING SOURCE
- Original cataloging agency: NUST
- Transcribing agency: NUST
100 ## - HEADING--PERSONAL NAME
- Personal name: H. M. S. O London
670 ## - SOURCE DATA FOUND
- Source citation: Work cat.: (NUST): H. M. S. O London, Soil mechanics for road engineers., 1952.
